| Tag |
First Indicator |
Second Indicator |
Subfields |
| LEADER |
00000nam a2200000 4500 |
| 001 |
in00004196821 |
| 005 |
20200806085031.0 |
| 006 |
m g d |
| 007 |
cr bn |||a|bb| |
| 008 |
980210s1621 enk o 00 eng d |
| 035 |
|
|
|a (UnM)99892844
|
| 037 |
|
|
|a CL2105000001
|b ProQuest Information and Learning. 300 N. Zeeb Rd., Ann Arbor, MI 48106
|
| 040 |
|
|
|a Cu-RivES
|c Cu-RivES
|e dcrb
|
| 245 |
0 |
4 |
|a The contents of a bill, preferred by the creditors of Thomas Frith, late of London scriuenor, deceased, :
|b for sale of certayne lands and leases by him purchased, for payment of such moneyes, as was owing by him unto them, and are yet unpaid.
|
| 260 |
|
|
|a [London :
|b publisher not identified,
|c 1621]
|
| 300 |
|
|
|a 1 online resource (1 sheet ([1] pages).
|
| 336 |
|
|
|a text
|b txt
|2 rdacontent
|
| 337 |
|
|
|a computer
|b c
|2 rdamedia
|
| 338 |
|
|
|a online resource
|b cr
|2 rdacarrier
|
| 500 |
|
|
|a Imprint from STC.
|
| 500 |
|
|
|a Seeking appointment of a commission to adjudicate claims.--STC.
|
| 500 |
|
|
|a Two copies of same work filmed consecutively.
|
| 500 |
|
|
|a Reproduction of original in the British Library.
|
| 510 |
4 |
|
|a STC (2nd edition)
|c 11395.3.
|
| 510 |
4 |
|
|a Early English books tract supplement interim guide
|c Harl.7608[394].
|
| 510 |
4 |
|
|a Early English books tract supplement interim guide
|c Harl.7608[396].
|
| 533 |
|
|
|a Electronic reproduction.
|b Ann Arbor, Mich. :
|c UMI,
|d 1999-
|f (Early English books online)
|n Digital version of: (Early English books; Tract supplement ; C16:1[173]; C16:1[174])
|7 s1999 miun s
|
| 650 |
|
0 |
|a Claims against decedents' estates
|z England
|v Early works to 1800.
|
| 610 |
1 |
0 |
|a England and Wales.
|b Parliament
|v Early works to 1800.
|
| 651 |
|
0 |
|a London (England)
|x Economic conditions
|v Early works to 1800.
|
| 830 |
|
0 |
|a Early English books online.
|
| 856 |
4 |
0 |
|u http://proxy.library.tamu.edu/login?url=https://search.proquest.com/docview/2248563614
|z Connect to the full text of this electronic book
|t 0
|
| 856 |
4 |
0 |
|u http://proxy.library.tamu.edu/login?url=https://search.proquest.com/docview/2264175735
|z Connect to the full text of this electronic book
|t 0
|
| 999 |
f |
f |
|s 18bd8172-e6c4-30ac-8df6-dd0ed74c06b8
|i 134bdac9-a828-350f-9bc4-cc4d2d31ddda
|t 0
|
| 952 |
f |
f |
|a Texas A&M University
|b College Station
|c Electronic Resources
|d Available Online
|t 0
|h No information provided
|
| 998 |
f |
f |
|t 0
|l Available Online
|